000 00522nam a2200193 a 4500
001 ES-MaREB00068818-7
003 OSt
005 20150307110702.0
008 020226s1985 esp 001 spa d
020 _a950-37-0177-5
040 _cBMC
082 _a833
100 1 _aSüskind, Patrick
_932084
245 1 3 _aEl Perfume
_b: historia de un asesino
_cPatrick Süskind
260 _aBuenos Aires
_bSeix Barral
_ccop.1985
300 _a252 p.
_c19 cm
650 2 4 _929298
_aNovela alemana
942 _2ddc
_cBK
_hahoj
999 _c19351
_d19351